000 00343nam a2200133Ia 4500
008 240624s9999 xx 000 0 und d
041 _aeng
082 _a658.5 GAR
100 _aGARG AJAY K
245 _aPRODUCTION AND OPERATION MANAGEMENT
260 _c2012
_aNew Delhi
_bTata McGraw-Hill
300 _a855 : p. : cm. ; 28
365 _cRS
_b33
999 _c25647
_d25647